01911nam a2200241Ia 4500001000600000003000900006008004100015040001300056040001300069041001300082100003000095100002900125245004900154245004800203250001100251260001100262260001800273260004900291300005700340500121600397650002501613650003101638H1973IT-RoPAU130308s9999 xx 000 0 und d aIT-RoPAU cIT-RoPAU aITALIANO aPuggelli Francesca Romana gCodice Aut. SPICS: 53982 aSpot generation. I bambini e la pubblicità bSpot Generation. I Bambini e la Pubblicita' a1a ed. aMILANO bAngeli Franco c2002 [1° Ed.:2002 - Ed.Ling.Originale:2002] a"240 p. (prefazione: no ; testo: 240 [pagine: 0-0])" a"Prefazione di Assunto Quadrio Aristarchi. Introduzione di Gian Luigi Falabrino. Sviluppo del Bambino: Sviluppo Cognitivo: Stadi Dello Sviluppo Cognitivo, Sviluppo delle Competenze Cognitive, Sviluppo del Linguaggio; Sviluppodel Se': Sviluppo del Concetto di Genere e di Ruolo, Sviluppo della Sessualità, inizio Dello Sviluppo Psico Sociale; Sviluppo dei Rapporti Sociali: Rapporto con I Coetanei, Amicizia, Sviluppo Morale. Bambini e Pubblicita': Cosa Pensano I Bambini della Pubblicita'; Quello che sappiamo della Pubblicita': Pubblicità Come rappresentazione Sociale, Come Ideologia, Come Fontedi Socializzazione e di Stereotipi; Cosa Capiscono I Bambini della Pubblicita'; Effetti della Pubblicità Sui Bambini: Come I Bambini Valutano la Pubblicità, Come gli spot condizionano Il Comportamento d'acquisto dei Bambini. che Fare?: Panorama Legislativo: Autoregolamentazione e Autodisciplina, Esempi Stranieri; Pubblicità Non Commerciale: Pubblicità Sociale, Advocacy Advertising, propaganda Politica, Caso Pubblicità Progresso, campagne a favore dell'Infanzia; ruolo dei Genitori: intervento Preventivo, Appoggio Eco Visione, Compensione e Interpretazione; ruolo dei Pubblicitari. Bibliografia." aSAGGI DI PUBBLICITA' eCodice materia Spics: 6211